000 00987nam a2200325 a 4500
003 AR-BaBNM
005 20251128205347.0
008 082120s2002 ||||||||||||||000 | spa||
020 _a84-7774-049-6
040 _cAR-BaBNM
100 1 _aInizan, André
245 0 0 _aCuándo enseñar a leer
_bevaluación de la aptitud para aprender a leer
260 _aMadrid
_bVisor
_c1989
300 _a137 p.
_btablas
490 0 _aAprendizaje
_vv. 49
500 _aContiene referencias bibliográficas en notas a pie de página
650 4 _aENSEÑANZA DE LA LECTURA
650 4 _aHABITO DE LECTURA
650 4 _aPRUEBAS DE LECTURA
650 4 _aLECTURA EN VOZ ALTA
650 4 _aLECTURA SILENCIOSA
653 _aENSENANZA DE LA LENGUA
653 _aPSICOLOGIA COGNITIVA
653 _aPROCESO DE ENSEÑANZA-APRENDIZAJE
700 1 _aZazzo, René
_eprologuista
800 1 _aAlvarez, Amelia
_edirector
800 1 _aDel Río, Pablo
_edirector
942 _cBK
998 _cSILVI
999 _c11094
_d11094